000 00354 a2200157 4500
001 194645
020 _a978-85-16-07725-9
040 _cMagnum
100 _aRocha, Ruth
240 1 0 _aQuem tem medo de quê?
_lpor
245 1 0 _aQuem tem medo de quê?
362 0 _a2012
440 1 _aSalamandra
697 _aLITERATURA INFANTO-JUVENIL
942 _cBK
999 _c194645
_d194645